000 01035nam a2200289 ia4500
005 20260425125436.0
008 260425s2025 my ao dr 000 f may d
020 _a9786297687827
_cRM12.00
_qpaperback
040 _aPPAK
_beng
_cPPAK
_erda
082 0 4 _a899.2333
_223
090 0 0 _a899.2333
_bNAN
_dG
100 0 _aNana Syazana,
_eauthor.
245 1 0 _aDIARI BELAJAR LUAR NEGARA :
_bSPRING EDITION /
_cNANA SYAZANA, SHASYA ALI ; Suntingan & Susun Atur Mazlia Murat
264 1 _aBandar Baru Nilai, Negeri Sembilan :
_bBLINK BOOK SDN BHD,
_c2025
300 _a127 pages :
_billustrations, photographs ;
_c19 cm
336 _atext
_2rdacontent
337 _aunmediated
_2rdamedia
338 _avolume
_2rdacarrier
490 1 _aSiri Diari Belajar Luar Negara
650 1 0 _aYoung adult fiction, Malay.
650 2 0 _aMalay fiction.
650 2 4 _aMalaysian fiction (Malay).
700 0 _aShasya Ali,
_eauthor.
700 0 _aMazlia Murat,
_eeditor.
830 0 _aSiri diari belajar luar negara
942 _2ddc
_cB
999 _c203995
_d203995